| 000 | 02267cam a2200469 a 4500 | ||
|---|---|---|---|
| 001 | 14829711 | ||
| 003 | ARRUPE | ||
| 005 | 20150121171424.0 | ||
| 008 | 070501s2007 nyua b 001 0 eng | ||
| 010 | _a 2007018398 | ||
| 020 | _a9780060858834 | ||
| 020 | _a0060858834 | ||
| 035 | _a(OCoLC)ocn124074848 | ||
| 035 | _a(OCoLC)124074848 | ||
| 040 |
_aDLC _cDLC _dYDX _dBAKER _dBTCTA _dMLY _dYDXCP _dIF9 _dMUQ _dBWX _dIXA _dVP@ _dVET _dDLC |
||
| 050 | 0 | 0 |
_aBL53 _b.B363 2007 |
| 082 | 0 | 0 |
_a200.1/9 _222 |
| 100 | 1 |
_aBeauregard, Mario. _914533 |
|
| 245 | 1 | 4 |
_aThe spiritual brain : _ba neuroscientist's case for the existence of the soul / _cMario Beauregard and Denyse O'Leary. |
| 250 | _a1st ed. | ||
| 260 |
_aNew York : _bHarperOne, _cc2007. |
||
| 300 |
_axvi, 368 p. : _bill. ; _c24 cm. |
||
| 504 | _aIncludes bibliographical references (p. [349]-358) and index. | ||
| 505 | 0 | _aToward a spiritual neuroscience -- Is there a God program? -- Does the God module even exist? -- The strange case of the God helmet -- Are mind and brain identical? -- Toward a nonmaterialist science of mind -- Who has mystical experiences and what triggers them? -- Do religious, spiritual, or mystical experiences change lives? -- The Carmelite studies : a new direction? -- Did God create the brain or does the brain create God? | |
| 650 | 0 |
_aPsychology, Religious. _914534 |
|
| 650 | 0 |
_aBrain _xReligious aspects. _914535 |
|
| 650 | 0 |
_aTheological anthropology. _914536 |
|
| 650 | 0 |
_aHuman beings. _914537 |
|
| 650 | 0 |
_aNeurosciences. _99794 |
|
| 650 | 0 |
_aSpirituality. _914538 |
|
| 650 | 2 |
_aBrain. _914539 |
|
| 650 | 2 |
_aNeurosciences. _99794 |
|
| 650 | 2 |
_aReligion and Psychology. _914540 |
|
| 650 | 2 |
_aSpirituality. _914541 |
|
| 700 | 1 |
_aO'Leary, Denyse. _914542 |
|
| 856 | 4 | 1 |
_3Table of contents only _uhttp://www.loc.gov/catdir/toc/ecip0717/2007018398.html |
| 856 | 4 | 2 |
_3Contributor biographical information _uhttp://www.loc.gov/catdir/enhancements/fy0911/2007018398-b.html |
| 856 | 4 | 2 |
_3Publisher description _uhttp://www.loc.gov/catdir/enhancements/fy0911/2007018398-d.html |
| 906 |
_a7 _bcbc _corignew _d1 _eecip _f20 _gy-gencatlg |
||
| 942 |
_2lcc _cMONOGRAPH |
||
| 999 |
_c121868 _d121868 |
||